[Event "Abakan op"]
[Site "Abakan"]
[Date "2013.12.05"]
[Round "6"]
[White "Posvalyuk, Viacheslav"]
[Black "Shoev, Kirill"]
[Result "0-1"]
[WhiteElo "2080"]
[BlackElo "2269"]
[PlyCount "54"]
[EventDate "2013.11.30"]
[EventType "swiss"]
[EventRounds "9"]
[EventCountry "RUS"]
[SourceTitle "EXT 2015"]
[Source "ChessBase"]
[SourceDate "2014.11.20"]
[SourceVersion "1"]
[SourceVersionDate "2014.11.20"]
[SourceQuality "1"]

1. c4 Nf6 2. Nc3 c5 3. g3 e6 4. Bg2 d5 5. cxd5 exd5 6. d4 cxd4 7. Qxd4 Nc6 8. Qa4 d4 9. Nb1 Bd7 10. Bd2 Bc5 11. Nf3 0-0 12. 0-0 Re8 13. Qc4 Bb6 14. Qd3 Qe7 15. Re1 Rad8 16. Na3 a6 17. Nc4 Ba7 18. Na5 Nxa5 19. Bxa5 b6 20. Bd2 Bb5 21. Qb3 Bxe2 22. Nxd4 Rxd4 23. Be3 Rd3 24. Qc2 Rxe3 25. fxe3 Qxe3+ 26. Kh1 Ng4 27. Rxe2 Qxe2 0-1

[Event "Abakan op"]
[Site "Abakan"]
[Date "2013.11.30"]
[Round "1"]
[White "Shoev, Kirill"]
[Black "Malezkey, Vladimir"]
[Result "1-0"]
[WhiteElo "2269"]
[BlackElo "2066"]
[PlyCount "91"]
[EventDate "2013.11.30"]
[EventType "swiss"]
[EventRounds "9"]
[EventCountry "RUS"]
[SourceTitle "EXT 2015"]
[Source "ChessBase"]
[SourceDate "2014.11.20"]
[SourceVersion "1"]
[SourceVersionDate "2014.11.20"]
[SourceQuality "1"]

1. d4 Nf6 2. c4 c5 3. d5 b5 4. cxb5 a6 5. bxa6 Bxa6 6. Nc3 g6 7. f4 Bg7 8. Nf3 d6 9. e4 Bxf1 10. Rxf1 0-0 11. Kf2 Qb6 12. Kg1 Na6 13. e5 dxe5 14. fxe5 Ng4 15. Qe2 Nc7 16. h3 Nh6 17. g4 f5 18. g5 Nf7 19. Bf4 Qb4 20. Qe3 Rfd8 21. Rfd1 Nb5 22. Nxb5 Qxb5 23. b3 Ra6 24. a4 Qb4 25. Rac1 Rb6 26. Rd3 Qe4 27. Rxc5 Rb4 28. Rc4 Rxc4 29. bxc4 Qxc4 30. a5 Qa4 31. d6 Qxa5 32. dxe7 Re8 33. e6 Rxe7 34. exf7+ Kxf7 35. Qd2 Qa4 36. Rd8 Qe4 37. Qd5+ Qxd5 38. Rxd5 Rb7 39. Rc5 Rb4 40. Rc7+ Kg8 41. Be5 Bxe5 42. Nxe5 Rb3 43. Kg2 f4 44. h4 Re3 45. Nf7 Re8 46. Kf3 1-0

[Event "Abakan Sayany op"]
[Site "Abakan"]
[Date "2013.08.05"]
[Round "4"]
[White "Shoev, Kirill"]
[Black "Katanova, Marina"]
[Result "1-0"]
[WhiteElo "2271"]
[BlackElo "1933"]
[PlyCount "67"]
[EventDate "2013.08.02"]
[EventType "swiss"]
[EventRounds "9"]
[EventCountry "RUS"]
[SourceTitle "CBM 155 Extra"]
[Source "ChessBase"]
[SourceDate "2013.08.26"]
[SourceVersion "1"]
[SourceVersionDate "2013.08.26"]
[SourceQuality "1"]

1. d4 d5 2. c4 dxc4 3. Nf3 Nf6 4. e3 e6 5. Bxc4 c5 6. 0-0 a6 7. Bb3 Nc6 8. Nc3 Be7 9. Qe2 cxd4 10. Rd1 e5 11. exd4 exd4 12. Be3 0-0 13. Nxd4 Nxd4 14. Rxd4 Qa5 15. Nd5 Nxd5 16. Rxd5 b5 17. Bd4 Be6 18. Rh5 Bxb3 19. Qd3 h6 20. Qg3 f6 21. Qxb3+ Kh8 22. h4 Qb4 23. Qe3 Rfe8 24. a3 Qc4 25. Rc1 Qf7 26. Qf3 Rac8 27. Rf1 Rc4 28. Be3 Bd6 29. Rd1 Be5 30. Qf5 Qe6 31. Qf3 Bxb2 32. Bxh6 gxh6 33. Rxh6+ Kg7 34. Qh5 1-0

[Event "Abaza op"]
[Site "Abaza"]
[Date "2012.07.25"]
[Round "5"]
[White "Pakhomov, Egor"]
[Black "Shoev, Kirill"]
[Result "1-0"]
[WhiteElo "2396"]
[BlackElo "2258"]
[PlyCount "79"]
[EventDate "2012.07.21"]
[EventType "swiss"]
[EventRounds "9"]
[EventCountry "RUS"]
[SourceTitle "CBM 149 Extra"]
[Source "ChessBase"]
[SourceDate "2012.08.24"]
[SourceVersion "1"]
[SourceVersionDate "2012.08.24"]
[SourceQuality "1"]

1. c4 c5 2. g3 Nf6 3. Bg2 Nc6 4. Nc3 g6 5. e3 h5 6. h3 d6 7. Nge2 h4 8. g4 Nxg4 9. hxg4 Bxg4 10. f3 Be6 11. Nd5 h3 12. d3 Bg7 13. Bf1 Ne5 14. Nef4 Bf5 15. e4 e6 16. exf5 exd5 17. Nxd5 Qh4+ 18. Kd2 0-0-0 19. Kc2 h2 20. Bf4 Nc6 21. Rc1 Nb4+ 22. Nxb4 Qxf4 23. Nd5 Qd4 24. f6 Bxf6 25. Nxf6 Qxf6 26. Qd2 Qxf3 27. Rxh2 Qg3 28. Rf2 f5 29. Kb1 Rh1 30. Rg2 Qf3 31. Qe2 Qxe2 32. Bxe2 Rh6 33. Rcg1 Rg8 34. Kc2 Kd7 35. Bf3 b6 36. a3 Ke7 37. Bd5 Rg7 38. Re2+ Kd8 39. Re6 Kc7 40. Kc3 1-0

[Event "Novokuznetsk Goryainov op"]
[Site "Novokuznetsk"]
[Date "2010.08.16"]
[Round "5"]
[White "Shoev, Kirill"]
[Black "Sitnikov, Dmitrij"]
[Result "0-1"]
[WhiteElo "2263"]
[BlackElo "2423"]
[PlyCount "102"]
[EventDate "2010.08.12"]
[EventType "swiss"]
[EventRounds "9"]
[EventCountry "RUS"]
[SourceTitle "CBM 138 Extra"]
[Source "ChessBase"]
[SourceDate "2010.10.29"]
[SourceVersion "1"]
[SourceVersionDate "2010.10.29"]
[SourceQuality "1"]

1. d4 d5 2. c4 c6 3. Nf3 Nf6 4. Nc3 e6 5. Bg5 h6 6. Bxf6 Qxf6 7. e3 Nd7 8. Bd3 dxc4 9. Bxc4 g6 10. 0-0 Bg7 11. e4 e5 12. d5 0-0 13. Rc1 Nb6 14. Bb3 Rd8 15. h3 cxd5 16. exd5 Bf5 17. Re1 Re8 18. Nb5 Rad8 19. Rc7 a6 20. Nc3 Re7 21. Rxe7 Qxe7 22. Qe2 Re8 23. Nd2 Nc8 24. Nce4 Nd6 25. Nxd6 Qxd6 26. Rd1 e4 27. Nc4 Qc5 28. Ne3 Bd7 29. Qd2 h5 30. Rc1 Qd6 31. Rc2 b5 32. Qa5 Be5 33. a4 Kg7 34. axb5 axb5 35. Qa7 Rc8 36. Qb7 Rd8 37. Nf1 h4 38. Qa7 Qb4 39. Qa3 Qxa3 40. bxa3 Ra8 41. Ra2 f5 42. Nd2 Rc8 43. Kf1 Rc1+ 44. Ke2 Rg1 45. a4 Rxg2 46. Kf1 Rh2 47. a5 Rh1+ 48. Kg2 Ra1 49. Nb1 Rxa2 50. Bxa2 Kf6 51. Na3 Ke7 0-1

[Event "Abaza op"]
[Site "Abaza"]
[Date "2009.07.21"]
[Round "5"]
[White "Kozlitin, Roman"]
[Black "Shoev, Kirill"]
[Result "1/2-1/2"]
[WhiteElo "2258"]
[BlackElo "2212"]
[PlyCount "24"]
[EventDate "2009.07.17"]
[EventType "swiss"]
[EventRounds "9"]
[EventCountry "RUS"]
[SourceTitle "EXT 2012"]
[Source "ChessBase"]
[SourceDate "2011.11.24"]
[SourceVersion "1"]
[SourceVersionDate "2011.11.24"]
[SourceQuality "1"]

1. e4 c5 2. c3 Nf6 3. e5 Nd5 4. g3 Nc6 5. Bg2 e6 6. Nf3 d6 7. exd6 Bxd6 8. 0-0 0-0 9. d4 cxd4 10. Nxd4 Nxd4 11. Qxd4 Qe7 12. c4 Nb4 1/2-1/2

[Event "Abaza op"]
[Site "Abaza"]
[Date "2009.07.19"]
[Round "3"]
[White "Trofimov, Nikita"]
[Black "Shoev, Kirill"]
[Result "0-1"]
[WhiteElo "2069"]
[BlackElo "2212"]
[PlyCount "54"]
[EventDate "2009.07.17"]
[EventType "swiss"]
[EventRounds "9"]
[EventCountry "RUS"]
[SourceTitle "EXT 2012"]
[Source "ChessBase"]
[SourceDate "2011.11.24"]
[SourceVersion "1"]
[SourceVersionDate "2011.11.24"]
[SourceQuality "1"]

1. d4 e6 2. c4 b6 3. Nc3 Bb7 4. e3 f5 5. Nf3 Nf6 6. Bd3 Bb4 7. 0-0 Bxc3 8. bxc3 0-0 9. Ba3 d6 10. c5 Ne4 11. cxd6 cxd6 12. c4 Rf6 13. Nd2 Rh6 14. Nxe4 fxe4 15. Be2 Nc6 16. f3 Qg5 17. Qd2 e5 18. Bc1 Qh4 19. h3 Rg6 20. Kh1 Bc8 21. Qe1 Rg3 22. Kh2 Rxg2+ 23. Kxg2 Bxh3+ 24. Kh1 Qh5 25. Rf2 exf3 26. Kg1 Qg4+ 27. Kh2 Bg2 0-1

[Event "Khakasia-ch"]
[Site "Abakan"]
[Date "2009.03.30"]
[Round "8"]
[White "Shoev, Kirill"]
[Black "Trofimov, Nikita"]
[Result "1-0"]
[WhiteElo "2212"]
[BlackElo "2069"]
[PlyCount "65"]
[EventDate "2009.03.21"]
[EventType "tourn"]
[EventRounds "9"]
[EventCountry "RUS"]
[SourceTitle "EXT 2022"]
[Source "ChessBase"]
[SourceDate "2021.10.06"]
[SourceVersion "1"]
[SourceVersionDate "2021.10.06"]
[SourceQuality "1"]

1. d4 d5 2. c4 e6 3. Nf3 c6 4. Nc3 Bd6 5. e4 dxc4 6. Bxc4 b5 7. Bd3 b4 8. Na4 Ba6 9. 0-0 Ne7 10. e5 Bc7 11. Bg5 Bb6 12. Rc1 Bxd3 13. Qxd3 h6 14. Bxe7 Kxe7 15. Nc5 Qd5 16. a4 a5 17. Nd2 Nd7 18. Nxd7 Qxd7 19. Nb3 Qd5 20. Rc4 Rhd8 21. Rfc1 Rac8 22. Qh7 Rg8 23. h3 Kd7 24. Qc2 Rc7 25. Nc5+ Ke7 26. Na6 Rd7 27. Rd1 f6 28. Nc5 Rdd8 29. Nxe6 Kxe6 30. Rxc6+ Ke7 31. Rxb6 fxe5 32. Rb5 b3 33. Qe2 1-0

[Event "Sibiria Region-chT"]
[Site "Berdsk"]
[Date "2008.11.30"]
[Round "4"]
[White "Gontcharov, Vladislav"]
[Black "Shoev, Kirill"]
[Result "1-0"]
[WhiteElo "2425"]
[BlackElo "2206"]
[PlyCount "75"]
[EventDate "2008.11.28"]
[EventType "team-swiss"]
[EventRounds "7"]
[EventCountry "RUS"]
[SourceTitle "EXT 2010"]
[Source "ChessBase"]
[SourceDate "2010.11.25"]
[SourceVersion "1"]
[SourceVersionDate "2010.11.25"]
[SourceQuality "1"]

1. d4 d5 2. c4 Nc6 3. cxd5 Qxd5 4. e3 e5 5. Nc3 Bb4 6. Bd2 Bxc3 7. bxc3 Nf6 8. f3 exd4 9. cxd4 0-0 10. Qb3 Qd6 11. Bc4 Rb8 12. a4 Be6 13. Ne2 a6 14. 0-0 Rfe8 15. Rac1 Bxc4 16. Rxc4 b5 17. axb5 axb5 18. Rc2 b4 19. Qa4 Ne7 20. e4 Ned5 21. Qb3 Nd7 22. Re1 N5f6 23. Bf4 Qe6 24. Qxe6 fxe6 25. Rxc7 b3 26. Rb1 Rb5 27. Rc3 e5 28. dxe5 Nxe5 29. Nd4 Ra5 30. Bxe5 Rexe5 31. Rcxb3 Ra2 32. Nf5 Re8 33. R3b2 Rxb2 34. Rxb2 g6 35. Ne3 Re7 36. Kf2 Kf7 37. Ke2 Ke6 38. Rb6+ 1-0